Physique technologie CE

Αποθηκεύτηκε σε:
Λεπτομέρειες βιβλιογραφικής εγγραφής
Κύριος συγγραφέας: Canal, J.-L
Μορφή: Βιβλίο
Γλώσσα:French
Δημοσίευση: Paris : Bordas, c1989
Θέματα:
Ετικέτες: Προσθήκη ετικέτας
Δεν υπάρχουν, Καταχωρήστε ετικέτα πρώτοι!

MARC

LEADER 00000nam a2200000 i 4500
001 1/11413
008 000912s1989 fre d
020 |a 2-04-018120-2 
035 |l 10063823 
040 |a GR-MY-UA  |b gre  |e aacr 
041 0 |a fre 
082 0 |a 372.358 
100 1 |a Canal, J.-L. 
245 1 0 |a Physique technologie CE /  |c J. L. Canal ... [et al.] 
260 |a Paris :   |b Bordas,   |c c1989 
300 |a 36 p.;  |c 28 cm 
650 0 0 |a Physics  |x Study and teaching (Elementary)  |z France. 
852 |a INST  |b RHODES  |e 20000912  |h 372.358 PHY  |p 005400008667  |q 005400008667  |t BK  |y 0 
909 |a Ρ  |b 022804 
922 |a 4ΕΛΗ  |b 199202 
970 |z 2000/09/ΧΡΥΣΑΝΘΗ